[Event "Chron PESEL pl OPEN C"]
[Site "?"]
[Date "2022.12.11"]
[Round "9.1"]
[White "Jedynak, Radoslaw"]
[Black "Teclaf, Pawel"]
[Result "0-1"]
[BlackElo "2467"]
[WhiteElo "2234"]
[LiveChessVersion "1.4.8"]

1. Nf3 {[%clk 0:10:09]} Nf6 {[%clk 0:10:09]} 2. b3 {[%clk 0:10:13]} g6
{[%clk 0:09:58]} 3. Bb2 {[%clk 0:10:17]} Bg7 {[%clk 0:10:02]} 4. e3
{[%clk 0:10:21]} b6 {[%clk 0:10:04]} 5. Be2 {[%clk 0:10:24]} O-O {[%clk 0:10:07]}
6. O-O {[%clk 0:10:27]} Bb7 {[%clk 0:10:11]} 7. d4 {[%clk 0:10:28]} c5
{[%clk 0:10:13]} 8. dxc5 {[%clk 0:10:24]} bxc5 {[%clk 0:10:15]} 9. c4
{[%clk 0:10:27]} d6 {[%clk 0:10:19]} 10. Nc3 {[%clk 0:10:24]} Nbd7
{[%clk 0:10:22]} 11. Qc2 {[%clk 0:10:27]} Ne4 {[%clk 0:10:15]} 12. Nd2
{[%clk 0:08:31]} Nxc3 {[%clk 0:10:05]} 13. Bxc3 {[%clk 0:08:33]} Bxc3
{[%clk 0:10:06]} 14. Qxc3 {[%clk 0:08:37]} a5 {[%clk 0:10:11]} 15. Bf3
{[%clk 0:07:16]} Bxf3 {[%clk 0:10:14]} 16. Nxf3 {[%clk 0:07:19]} a4
{[%clk 0:10:16]} 17. e4 {[%clk 0:06:50]} Qc7 {[%clk 0:10:09]} 18. h4
{[%clk 0:06:41]} Rfb8 {[%clk 0:08:39]} 19. h5 {[%clk 0:05:52]} Qa5
{[%clk 0:08:43]} 20. Qe3 {[%clk 0:05:28]} axb3 {[%clk 0:08:20]} 21. axb3
{[%clk 0:05:32]} Qxa1 {[%clk 0:08:23]} 22. Rxa1 {[%clk 0:05:36]} Rxa1+
{[%clk 0:08:27]} 23. Kh2 {[%clk 0:05:39]} Nf6 {[%clk 0:08:32]} 24. Qg5
{[%clk 0:05:26]} Rxb3 {[%clk 0:06:59]} 25. e5 {[%clk 0:04:27]} dxe5
{[%clk 0:07:02]} 26. Nxe5 {[%clk 0:04:25]} Rbb1 {[%clk 0:07:00]} 27. g4
{[%clk 0:03:44]} Rh1+ {[%clk 0:06:45]} 28. Kg2 {[%clk 0:03:47]} Rag1+
{[%clk 0:06:40]} 29. Kf3 {[%clk 0:03:50]} Rxh5 {[%clk 0:06:08]} 30. Qf4
{[%clk 0:03:31]} Rh4 {[%clk 0:05:47]} 31. Nc6 {[%clk 0:03:06]} Rgxg4
{[%clk 0:05:24]} 32. Nxe7+ Kg7 {[%clk 0:05:19]} 33. Qd6 {[%clk 0:02:10]} Rxc4
{[%clk 0:04:54]} 34. Nd5 {[%clk 0:02:13]} Nxd5 {[%clk 0:04:55]} 35. Qxd5
{[%clk 0:02:16]} Rcf4+ {[%clk 0:04:58]} 36. Kg3 {[%clk 0:02:15]} Rf5
{[%clk 0:05:01]} 37. Qd2 {[%clk 0:02:13]} Rhf4 {[%clk 0:05:05]} 38. Qb2+
{[%clk 0:02:16]} Rf6 {[%clk 0:05:06]} 39. Qe5 {[%clk 0:02:20]} Rf3+
{[%clk 0:05:08]} 40. Kg4 {[%clk 0:02:23]} h5+ {[%clk 0:05:04]} 41. Kh4
{[%clk 0:02:27]} c4 {[%clk 0:04:35]} 42. Qd4 0-1

[Event "Chron PESEL pl OPEN C"]
[Site "?"]
[Date "2022.12.11"]
[Round "9.2"]
[White "Maltsevskaya, Aleksandra"]
[Black "Janik, Igor"]
[Result "0-1"]
[BlackElo "2446"]
[WhiteElo "2327"]
[LiveChessVersion "1.4.8"]

1. e4 {[%clk 0:10:09]} c6 {[%clk 0:10:09]} 2. d4 {[%clk 0:10:10]} d5
{[%clk 0:10:14]} 3. exd5 {[%clk 0:10:14]} cxd5 {[%clk 0:10:18]} 4. c4
{[%clk 0:10:18]} Nf6 {[%clk 0:10:16]} 5. Nc3 {[%clk 0:10:21]} e6 {[%clk 0:10:14]}
6. Nf3 {[%clk 0:10:04]} Bb4 {[%clk 0:10:18]} 7. cxd5 {[%clk 0:10:08]} Nxd5
{[%clk 0:10:22]} 8. Bb5+ {[%clk 0:10:11]} Bd7 {[%clk 0:09:28]} 9. Bxd7+
{[%clk 0:10:13]} Nxd7 {[%clk 0:09:26]} 10. O-O {[%clk 0:10:15]} Bxc3
{[%clk 0:09:29]} 11. bxc3 {[%clk 0:10:19]} O-O {[%clk 0:09:32]} 12. c4
{[%clk 0:09:29]} N5b6 {[%clk 0:09:34]} 13. Ba3 {[%clk 0:09:29]} Re8
{[%clk 0:09:37]} 14. Rc1 {[%clk 0:09:33]} Rc8 {[%clk 0:09:20]} 15. Qb3
{[%clk 0:09:14]} Qc7 {[%clk 0:09:15]} 16. Rfe1 {[%clk 0:09:13]} Nxc4
{[%clk 0:07:34]} 17. Rc3 {[%clk 0:08:39]} a6 {[%clk 0:06:20]} 18. Nd2
{[%clk 0:07:50]} b5 {[%clk 0:05:32]} 19. Nxc4 {[%clk 0:07:53]} bxc4
{[%clk 0:05:36]} 20. Qc2 {[%clk 0:07:49]} Nf6 {[%clk 0:04:58]} 21. Rc1
{[%clk 0:04:06]} Qf4 {[%clk 0:04:40]} 22. Bc5 {[%clk 0:01:57]} e5
{[%clk 0:03:41]} 23. g3 {[%clk 0:01:34]} Qh6 {[%clk 0:03:26]} 24. Rxc4
{[%clk 0:01:30]} e4 {[%clk 0:03:28]} 25. d5 {[%clk 0:01:26]} Nxd5
{[%clk 0:03:07]} 26. Be3 {[%clk 0:01:18]} Rxc4 {[%clk 0:03:05]} 27. Qxc4
{[%clk 0:01:21]} Qe6 {[%clk 0:02:47]} 28. Rd1 {[%clk 0:01:13]} Nf6
{[%clk 0:02:36]} 29. Qxe6 {[%clk 0:01:12]} Rxe6 {[%clk 0:02:40]} 30. Rd8+
{[%clk 0:01:15]} Ne8 {[%clk 0:02:43]} 31. a4 {[%clk 0:01:19]} f5 {[%clk 0:02:38]}
32. a5 {[%clk 0:01:22]} Kf7 {[%clk 0:02:42]} 33. Bb6 {[%clk 0:01:26]} Nd6
{[%clk 0:01:42]} 34. Rd7+ {[%clk 0:01:27]} Kg6 {[%clk 0:01:39]} 35. Ra7
{[%clk 0:01:07]} Nc4 {[%clk 0:01:31]} 36. Rxa6 {[%clk 0:01:09]} Rd6
{[%clk 0:01:33]} 37. Ra7 {[%clk 0:00:54]} Nxb6 {[%clk 0:01:32]} 38. axb6
{[%clk 0:00:53]} Rxb6 {[%clk 0:01:36]} 39. Kg2 {[%clk 0:00:43]} Kf6
{[%clk 0:01:37]} 40. h4 {[%clk 0:00:46]} h6 {[%clk 0:01:35]} 41. Rc7
{[%clk 0:00:48]} Rb2 {[%clk 0:01:32]} 42. Rc6+ {[%clk 0:00:37]} Ke5
{[%clk 0:01:26]} 43. Rc5+ {[%clk 0:00:34]} Ke6 {[%clk 0:01:21]} 44. Rc8
{[%clk 0:00:27]} g6 {[%clk 0:01:11]} 45. Re8+ {[%clk 0:00:19]} Kf7
{[%clk 0:01:12]} 46. Re5 {[%clk 0:00:23]} Rd2 {[%clk 0:01:00]} 47. g4
{[%clk 0:00:18]} Kf6 {[%clk 0:00:56]} 48. Re8 {[%clk 0:00:22]} fxg4
{[%clk 0:00:40]} 49. Rxe4 {[%clk 0:00:23]} h5 {[%clk 0:00:45]} 50. Rf4+
{[%clk 0:00:26]} Ke5 {[%clk 0:00:47]} 51. Ra4 {[%clk 0:00:24]} Rd3
{[%clk 0:00:51]} 52. Ra6 {[%clk 0:00:25]} Kf5 {[%clk 0:00:55]} 53. Ra5+
{[%clk 0:00:28]} Kf6 {[%clk 0:01:00]} 54. Ra6+ {[%clk 0:00:13]} Kg7
{[%clk 0:01:04]} 55. Ra5 {[%clk 0:00:07]} Rh3 {[%clk 0:01:07]} 56. Ra4
{[%clk 0:00:09]} Rxh4 {[%clk 0:01:09]} 57. Ra3 {[%clk 0:00:08]} Kh6
{[%clk 0:01:11]} 58. Rb3 {[%clk 0:00:10]} Rh3 {[%clk 0:01:08]} 59. Rb5
{[%clk 0:00:06]} Rf3 {[%clk 0:01:10]} 60. Rb4 {[%clk 0:00:10]} Kg5
{[%clk 0:01:12]} 61. Rb5+ {[%clk 0:00:14]} Rf5 {[%clk 0:01:16]} 62. Rb4
{[%clk 0:00:19]} h4 {[%clk 0:01:20]} 63. Rb2 {[%clk 0:00:15]} Kh5
{[%clk 0:01:22]} 64. Rb8 {[%clk 0:00:15]} g5 {[%clk 0:01:26]} 65. Rh8+
{[%clk 0:00:18]} Kg6 {[%clk 0:01:31]} 66. Rg8+ {[%clk 0:00:22]} Kf7
{[%clk 0:01:33]} 67. Rh8 {[%clk 0:00:22]} Ra5 {[%clk 0:01:31]} 68. Rh7+
{[%clk 0:00:21]} Kg6 {[%clk 0:01:35]} 69. Rh8 {[%clk 0:00:25]} Ra2
{[%clk 0:01:38]} 70. Kg1 {[%clk 0:00:26]} Ra3 {[%clk 0:01:42]} 71. Kg2
{[%clk 0:00:29]} g3 {[%clk 0:01:45]} 72. f3 {[%clk 0:00:32]} Ra2+
{[%clk 0:01:46]} 0-1

[Event "Chron PESEL pl OPEN C"]
[Site "?"]
[Date "2022.12.11"]
[Round "9.3"]
[White "Zwardon, Vojtech"]
[Black "Razin, Vadim"]
[Result "1-0"]
[BlackElo "2323"]
[WhiteElo "2400"]
[LiveChessVersion "1.4.8"]

1. c4 {[%clk 0:10:10]} e5 {[%clk 0:10:09]} 2. g3 {[%clk 0:10:14]} Nc6
{[%clk 0:10:12]} 3. Bg2 {[%clk 0:10:18]} Bc5 {[%clk 0:10:16]} 4. a3
{[%clk 0:10:21]} a6 {[%clk 0:09:31]} 5. e3 {[%clk 0:10:24]} d6 {[%clk 0:09:30]}
6. Nf3 {[%clk 0:10:22]} Ba7 {[%clk 0:09:05]} 7. d4 {[%clk 0:09:07]} Bg4
{[%clk 0:08:28]} 8. Qb3 {[%clk 0:08:10]} Qc8 {[%clk 0:07:06]} 9. dxe5
{[%clk 0:08:06]} dxe5 {[%clk 0:06:59]} 10. Nc3 {[%clk 0:07:13]} Nf6
{[%clk 0:04:34]} 11. Nd5 {[%clk 0:06:59]} Nd7 {[%clk 0:04:14]} 12. h3
{[%clk 0:06:41]} Bh5 {[%clk 0:03:59]} 13. Qc3 {[%clk 0:06:21]} O-O
{[%clk 0:03:25]} 14. b4 {[%clk 0:05:30]} Re8 {[%clk 0:03:29]} 15. O-O
{[%clk 0:05:32]} Bxf3 {[%clk 0:03:07]} 16. Bxf3 {[%clk 0:05:34]} Nd4
{[%clk 0:03:06]} 17. Bg4 {[%clk 0:03:23]} f5 {[%clk 0:03:06]} 18. Bd1
{[%clk 0:03:27]} c6 {[%clk 0:03:08]} 19. Nf4 {[%clk 0:03:16]} exf4
{[%clk 0:02:35]} 20. exd4 {[%clk 0:03:19]} fxg3 {[%clk 0:02:37]} 21. fxg3
{[%clk 0:03:14]} Nf6 {[%clk 0:02:39]} 22. c5 {[%clk 0:02:57]} Qd7
{[%clk 0:02:29]} 23. Bb3+ {[%clk 0:02:58]} Kh8 {[%clk 0:02:24]} 24. Bb2
{[%clk 0:02:55]} Nd5 {[%clk 0:02:11]} 25. Bxd5 {[%clk 0:02:51]} cxd5
{[%clk 0:01:08]} 26. Qf3 {[%clk 0:02:13]} g6 {[%clk 0:00:13]} 27. Rae1
{[%clk 0:02:18]} Rad8 {[%clk 0:00:15]} 28. Bc1 {[%clk 0:01:59]} Re6
{[%clk 0:00:07]} 29. Qf2 {[%clk 0:01:14]} Rde8 {[%clk 0:00:09]} 30. Rxe6
{[%clk 0:01:17]} Qxe6 {[%clk 0:00:08]} 31. Bf4 {[%clk 0:01:21]} Bb8
{[%clk 0:00:08]} 32. Bxb8 {[%clk 0:01:25]} Rxb8 {[%clk 0:00:11]} 33. Re1
{[%clk 0:01:29]} Qd7 {[%clk 0:00:10]} 34. Qe3 {[%clk 0:01:33]} Rf8
{[%clk 0:00:07]} 35. Qe5+ {[%clk 0:01:35]} Kg8 {[%clk 0:00:09]} 36. Qe6+
{[%clk 0:01:29]} Rf7 {[%clk 0:00:09]} 37. Kf2 {[%clk 0:01:09]} Qxe6
{[%clk 0:00:09]} 38. Rxe6 {[%clk 0:01:13]} Rd7 {[%clk 0:00:12]} 39. c6
{[%clk 0:01:06]} bxc6 {[%clk 0:00:13]} 40. Rxc6 {[%clk 0:01:10]} Kf7
{[%clk 0:00:07]} 41. Rxa6 {[%clk 0:01:10]} Rc7 {[%clk 0:00:12]} 42. b5
{[%clk 0:01:13]} Rc2+ {[%clk 0:00:07]} 43. Ke1 {[%clk 0:01:16]} Rc3
{[%clk 0:00:09]} 44. b6 {[%clk 0:01:02]} Rb3 {[%clk 0:00:10]} 45. a4
{[%clk 0:01:05]} Ke7 {[%clk 0:00:12]} 46. a5 {[%clk 0:01:04]} Kd7
{[%clk 0:00:13]} 47. Ra7+ {[%clk 0:01:05]} Kc8 {[%clk 0:00:13]} 48. Rxh7
{[%clk 0:01:06]} Ra3 {[%clk 0:00:14]} 49. Ra7 {[%clk 0:01:00]} Kb8 50. Kf2
{[%clk 0:01:04]} Ra4 {[%clk 0:00:10]} 51. a6 {[%clk 0:00:55]} g5 {[%clk 0:00:12]}
52. h4 {[%clk 0:00:56]} gxh4 {[%clk 0:00:11]} 53. gxh4 {[%clk 0:01:00]} Rb4
{[%clk 0:00:14]} 54. h5 {[%clk 0:00:59]} 1-0

[Event "Chron PESEL pl OPEN C"]
[Site "?"]
[Date "2022.12.11"]
[Round "9.4"]
[White "Jaracz, Pawel"]
[Black "Lewtak, Damian"]
[Result "1-0"]
[BlackElo "2251"]
[WhiteElo "2443"]
[LiveChessVersion "1.4.8"]

1. e4 {[%clk 0:10:09]} g6 {[%clk 0:10:07]} 2. d4 {[%clk 0:10:12]} Bg7
{[%clk 0:10:11]} 3. Nc3 {[%clk 0:10:16]} a6 {[%clk 0:10:12]} 4. g4
{[%clk 0:10:11]} b5 {[%clk 0:10:10]} 5. Bg2 {[%clk 0:10:14]} Bb7 {[%clk 0:10:14]}
6. h4 {[%clk 0:10:11]} b4 {[%clk 0:09:34]} 7. Nce2 {[%clk 0:10:12]} Nf6
{[%clk 0:09:15]} 8. Ng3 {[%clk 0:10:09]} d5 {[%clk 0:09:09]} 9. e5
{[%clk 0:10:05]} Ne4 {[%clk 0:09:10]} 10. Nxe4 {[%clk 0:09:55]} dxe4
{[%clk 0:09:13]} 11. h5 {[%clk 0:09:17]} e6 {[%clk 0:09:15]} 12. Ne2
{[%clk 0:09:08]} c5 {[%clk 0:09:06]} 13. c3 {[%clk 0:08:46]} cxd4
{[%clk 0:07:28]} 14. cxd4 {[%clk 0:08:48]} Qd7 {[%clk 0:07:32]} 15. Be3
{[%clk 0:08:38]} Bd5 {[%clk 0:06:57]} 16. Ng3 {[%clk 0:08:40]} Qb7
{[%clk 0:07:00]} 17. Qa4+ {[%clk 0:08:22]} Nd7 {[%clk 0:07:00]} 18. Rc1
{[%clk 0:08:10]} O-O {[%clk 0:06:24]} 19. h6 {[%clk 0:08:06]} Bh8
{[%clk 0:06:27]} 20. g5 {[%clk 0:08:08]} Nxe5 {[%clk 0:05:47]} 21. dxe5
{[%clk 0:08:11]} Bxe5 {[%clk 0:05:50]} 22. O-O {[%clk 0:07:53]} Bxb2
{[%clk 0:05:08]} 23. Rb1 {[%clk 0:07:57]} Bc3 {[%clk 0:05:12]} 24. Ne2
{[%clk 0:07:54]} Qc7 {[%clk 0:02:54]} 25. Nxc3 {[%clk 0:07:47]} bxc3
{[%clk 0:02:57]} 26. Qd4 {[%clk 0:07:46]} f6 {[%clk 0:03:01]} 27. gxf6
{[%clk 0:07:48]} Rac8 {[%clk 0:03:05]} 28. Rfc1 {[%clk 0:06:55]} Bxa2
{[%clk 0:02:45]} 29. Ra1 {[%clk 0:06:58]} Rfd8 {[%clk 0:02:30]} 30. Qxe4
{[%clk 0:06:38]} Bd5 {[%clk 0:02:33]} 31. Qg4 {[%clk 0:06:40]} Kf7
{[%clk 0:02:18]} 32. Rxa6 {[%clk 0:06:40]} Bxg2 {[%clk 0:02:20]} 33. Qxe6+
{[%clk 0:06:28]} Kf8 {[%clk 0:02:24]} 34. Kxg2 {[%clk 0:05:34]} Qb7+
{[%clk 0:02:12]} 35. Kg3 {[%clk 0:05:00]} Qc7+ {[%clk 0:01:59]} 36. Bf4
{[%clk 0:05:02]} Rd3+ {[%clk 0:02:02]} 37. f3 {[%clk 0:05:06]} Qb7
{[%clk 0:01:59]} 38. Bd6+ {[%clk 0:05:04]} 1-0

[Event "Chron PESEL pl OPEN C"]
[Site "?"]
[Date "2022.12.11"]
[Round "9.5"]
[White "Cyfka, Karina"]
[Black "Socko, Monika"]
[Result "1/2-1/2"]
[BlackElo "2314"]
[WhiteElo "2244"]
[LiveChessVersion "1.4.8"]

1. d4 {[%clk 0:10:05]} Nf6 {[%clk 0:10:09]} 2. c4 {[%clk 0:10:09]} e6
{[%clk 0:10:13]} 3. Nf3 {[%clk 0:10:11]} b6 {[%clk 0:10:17]} 4. a3
{[%clk 0:10:11]} Ba6 {[%clk 0:10:08]} 5. Qc2 {[%clk 0:10:14]} Be7
{[%clk 0:09:51]} 6. e4 {[%clk 0:10:03]} d5 {[%clk 0:09:42]} 7. e5
{[%clk 0:09:57]} Nfd7 {[%clk 0:09:37]} 8. Nbd2 {[%clk 0:09:04]} c6
{[%clk 0:09:31]} 9. Bd3 {[%clk 0:08:49]} h6 {[%clk 0:09:06]} 10. O-O
{[%clk 0:08:47]} O-O {[%clk 0:09:09]} 11. b4 {[%clk 0:08:32]} Bb7
{[%clk 0:08:37]} 12. c5 {[%clk 0:07:56]} Ba6 {[%clk 0:08:21]} 13. Nb3
{[%clk 0:07:14]} Bxd3 {[%clk 0:07:51]} 14. Qxd3 {[%clk 0:07:17]} a5
{[%clk 0:07:25]} 15. Bd2 {[%clk 0:07:00]} a4 {[%clk 0:06:56]} 16. Nc1
{[%clk 0:07:03]} Na6 {[%clk 0:06:57]} 17. Ne2 {[%clk 0:06:36]} 1/2-1/2

[Event "Chron PESEL pl OPEN C"]
[Site "?"]
[Date "2022.12.11"]
[Round "9.6"]
[White "Piesik, Piotr"]
[Black "Socko, Bartosz"]
[Result "0-1"]
[BlackElo "2525"]
[WhiteElo "2380"]
[LiveChessVersion "1.4.8"]

1. Nf3 {[%clk 0:10:08]} Nf6 {[%clk 0:10:06]} 2. g3 {[%clk 0:10:12]} d5
{[%clk 0:10:09]} 3. Bg2 {[%clk 0:10:16]} Bg4 {[%clk 0:10:09]} 4. O-O
{[%clk 0:10:17]} Nbd7 {[%clk 0:10:08]} 5. d3 {[%clk 0:10:19]} e6 {[%clk 0:09:37]}
6. Nbd2 {[%clk 0:10:22]} Bc5 {[%clk 0:09:24]} 7. e4 {[%clk 0:10:25]} O-O
{[%clk 0:09:27]} 8. h3 {[%clk 0:10:24]} Bxf3 {[%clk 0:09:30]} 9. Qxf3
{[%clk 0:10:28]} c6 {[%clk 0:09:22]} 10. Qe2 {[%clk 0:10:23]} Bb6
{[%clk 0:09:20]} 11. e5 {[%clk 0:10:16]} Ne8 {[%clk 0:09:21]} 12. Kh2
{[%clk 0:10:19]} f6 {[%clk 0:09:03]} 13. exf6 {[%clk 0:10:20]} Qxf6
{[%clk 0:09:06]} 14. f4 {[%clk 0:10:20]} Nd6 {[%clk 0:08:59]} 15. Nf3
{[%clk 0:10:14]} Nf5 {[%clk 0:08:54]} 16. g4 {[%clk 0:09:08]} Nd4
{[%clk 0:08:57]} 17. Nxd4 {[%clk 0:09:11]} Bxd4 {[%clk 0:09:01]} 18. c3
{[%clk 0:09:11]} Bb6 {[%clk 0:09:04]} 19. d4 {[%clk 0:08:47]} Rae8
{[%clk 0:08:40]} 20. Be3 {[%clk 0:08:10]} Bc7 {[%clk 0:08:06]} 21. Kh1
{[%clk 0:08:06]} Qg6 {[%clk 0:08:09]} 22. Rae1 {[%clk 0:07:48]} Nf6
{[%clk 0:08:13]} 23. Bc1 {[%clk 0:07:25]} h6 {[%clk 0:08:00]} 24. Bf3
{[%clk 0:06:39]} Bd6 {[%clk 0:06:51]} 25. Qg2 {[%clk 0:05:50]} Re7
{[%clk 0:06:47]} 26. Bd1 {[%clk 0:05:49]} Qe8 {[%clk 0:05:54]} 27. Bc2
{[%clk 0:05:44]} c5 {[%clk 0:05:55]} 28. dxc5 {[%clk 0:05:00]} Bxc5
{[%clk 0:05:58]} 29. g5 {[%clk 0:04:56]} hxg5 {[%clk 0:06:01]} 30. fxg5
{[%clk 0:04:26]} Nh5 {[%clk 0:05:57]} 31. Qg4 {[%clk 0:04:16]} Bf2
{[%clk 0:05:26]} 32. g6 {[%clk 0:01:57]} Nf6 {[%clk 0:05:29]} 33. Qg5
{[%clk 0:01:57]} Bxe1 {[%clk 0:05:32]} 34. Rxe1 {[%clk 0:02:00]} e5
{[%clk 0:04:45]} 35. Be3 {[%clk 0:01:50]} Qc6 {[%clk 0:04:33]} 36. Kg1
{[%clk 0:01:41]} Re6 {[%clk 0:04:18]} 37. Bf5 {[%clk 0:01:37]} Rd6
{[%clk 0:03:59]} 38. Bf2 {[%clk 0:01:30]} Ne4 {[%clk 0:03:26]} 39. Rxe4
{[%clk 0:00:27]} dxe4 {[%clk 0:03:29]} 40. Qh5 {[%clk 0:00:30]} Rxf5
{[%clk 0:03:32]} 41. Qxf5 {[%clk 0:00:34]} Rxg6+ {[%clk 0:03:32]} 42. Kf1
{[%clk 0:00:36]} e3 {[%clk 0:03:32]} 0-1

[Event "Chron PESEL pl OPEN C"]
[Site "?"]
[Date "2022.12.11"]
[Round "9.7"]
[White "Dziuba, Marcin"]
[Black "Bachorczyk, Marcin"]
[Result "1-0"]
[BlackElo "1945"]
[WhiteElo "2469"]
[LiveChessVersion "1.4.8"]

1. d4 {[%clk 0:10:08]} Nf6 {[%clk 0:10:02]} 2. c4 {[%clk 0:10:11]} c5
{[%clk 0:10:00]} 3. d5 {[%clk 0:10:15]} e5 {[%clk 0:10:04]} 4. Nc3
{[%clk 0:10:11]} d6 {[%clk 0:10:08]} 5. e4 {[%clk 0:10:07]} Be7 {[%clk 0:10:12]}
6. g3 {[%clk 0:10:08]} h5 {[%clk 0:09:38]} 7. h4 {[%clk 0:10:07]} Bg4
{[%clk 0:09:27]} 8. f3 {[%clk 0:09:55]} Bd7 {[%clk 0:09:30]} 9. Nh3
{[%clk 0:09:50]} Na6 {[%clk 0:09:30]} 10. Be3 {[%clk 0:08:53]} Nc7
{[%clk 0:09:32]} 11. Nf2 {[%clk 0:08:48]} a6 {[%clk 0:09:29]} 12. a4
{[%clk 0:08:44]} Rb8 {[%clk 0:08:40]} 13. a5 {[%clk 0:08:48]} b5 {[%clk 0:08:14]}
14. axb6 {[%clk 0:08:51]} Rxb6 {[%clk 0:08:18]} 15. Qd2 {[%clk 0:07:32]} Qb8
{[%clk 0:08:16]} 16. Ra2 {[%clk 0:07:26]} Rb3 {[%clk 0:04:18]} 17. Be2
{[%clk 0:07:26]} g6 {[%clk 0:03:44]} 18. O-O {[%clk 0:07:15]} O-O
{[%clk 0:02:16]} 19. Nd3 {[%clk 0:06:14]} Bd8 {[%clk 0:01:43]} 20. Rb1
{[%clk 0:05:30]} Re8 {[%clk 0:01:43]} 21. Na4 {[%clk 0:05:20]} Bxa4
{[%clk 0:01:22]} 22. Rxa4 {[%clk 0:05:23]} Nd7 {[%clk 0:01:07]} 23. Bd1
{[%clk 0:05:24]} Rb7 {[%clk 0:01:06]} 24. Raa1 {[%clk 0:05:08]} Nb6
{[%clk 0:01:05]} 25. Qc3 {[%clk 0:04:48]} Rf8 {[%clk 0:00:44]} 26. b4
{[%clk 0:03:47]} Nd7 {[%clk 0:00:43]} 27. Ba4 {[%clk 0:03:37]} cxb4
{[%clk 0:00:35]} 28. Qd2 {[%clk 0:03:38]} Nb6 {[%clk 0:00:18]} 29. Bb3
{[%clk 0:03:07]} Nd7 {[%clk 0:00:16]} 30. Bh6 {[%clk 0:02:16]} Re8
{[%clk 0:00:08]} 31. Ba4 {[%clk 0:02:19]} Re7 {[%clk 0:00:10]} 32. Bc6
{[%clk 0:02:17]} a5 {[%clk 0:00:13]} 33. Be3 {[%clk 0:02:02]} Na6
{[%clk 0:00:16]} 34. Bxb7 {[%clk 0:00:32]} Qxb7 {[%clk 0:00:20]} 35. Kg2
{[%clk 0:00:30]} Bb6 {[%clk 0:00:24]} 36. Bxb6 {[%clk 0:00:29]} Qxb6
{[%clk 0:00:28]} 37. Qa2 {[%clk 0:00:29]} Qd4 {[%clk 0:00:16]} 38. Nf2
{[%clk 0:00:29]} Nac5 {[%clk 0:00:15]} 39. Qxa5 {[%clk 0:00:32]} b3
{[%clk 0:00:18]} 40. Qd8+ {[%clk 0:00:36]} 1-0

[Event "Chron PESEL pl OPEN C"]
[Site "?"]
[Date "2022.12.11"]
[Round "9.8"]
[White "Pisarek, Jan"]
[Black "Gdanski, Jacek"]
[Result "1/2-1/2"]
[BlackElo "2368"]
[WhiteElo "1755"]
[LiveChessVersion "1.4.8"]

1. e4 {[%clk 0:10:08]} e6 {[%clk 0:10:10]} 2. d4 {[%clk 0:10:10]} d5
{[%clk 0:10:14]} 3. exd5 {[%clk 0:10:13]} exd5 {[%clk 0:10:19]} 4. Nf3
{[%clk 0:10:16]} Nc6 {[%clk 0:10:23]} 5. Bb5 {[%clk 0:10:18]} Bd6
{[%clk 0:10:26]} 6. c4 {[%clk 0:10:06]} Bb4+ {[%clk 0:09:49]} 7. Bd2
{[%clk 0:09:33]} Bxd2+ {[%clk 0:09:37]} 8. Nbxd2 {[%clk 0:09:14]} Nge7
{[%clk 0:09:32]} 9. O-O {[%clk 0:09:11]} O-O {[%clk 0:09:31]} 10. Rc1
{[%clk 0:08:49]} dxc4 {[%clk 0:09:28]} 11. Nxc4 {[%clk 0:08:18]} Bg4
{[%clk 0:09:31]} 12. Bxc6 {[%clk 0:07:47]} Nxc6 {[%clk 0:09:24]} 13. Nce5
{[%clk 0:07:46]} Nxe5 {[%clk 0:08:27]} 14. dxe5 {[%clk 0:07:49]} c6
{[%clk 0:08:32]} 15. h3 {[%clk 0:07:34]} Qxd1 {[%clk 0:08:30]} 16. Rfxd1
{[%clk 0:07:24]} Bxf3 {[%clk 0:08:34]} 17. gxf3 {[%clk 0:07:28]} Rfd8
{[%clk 0:08:38]} 18. f4 {[%clk 0:07:17]} Kf8 {[%clk 0:08:30]} 19. Kg2
{[%clk 0:07:21]} Ke7 {[%clk 0:08:35]} 20. Kf3 {[%clk 0:07:22]} Ke6
{[%clk 0:08:32]} 21. Ke4 {[%clk 0:06:57]} g6 {[%clk 0:08:35]} 22. h4
{[%clk 0:06:53]} Rac8 {[%clk 0:07:38]} 23. b3 {[%clk 0:06:17]} Rd5
{[%clk 0:07:41]} 24. h5 {[%clk 0:04:46]} Rcd8 {[%clk 0:07:43]} 25. Rxd5
{[%clk 0:04:41]} Rxd5 {[%clk 0:07:47]} 26. hxg6 {[%clk 0:04:42]} hxg6
{[%clk 0:07:51]} 27. Rc2 {[%clk 0:04:41]} c5 {[%clk 0:07:51]} 28. Ke3
{[%clk 0:03:44]} a5 {[%clk 0:07:39]} 29. a4 {[%clk 0:03:08]} b6 {[%clk 0:07:33]}
30. Rd2 {[%clk 0:01:33]} Rxd2 31. Kxd2 {[%clk 0:01:36]} f6 {[%clk 0:03:52]} 32.
exf6 {[%clk 0:01:30]} Kxf6 {[%clk 0:03:55]} 33. Ke3 {[%clk 0:01:26]} Kf5
{[%clk 0:03:52]} 34. Kf3 {[%clk 0:01:22]} Ke6 {[%clk 0:03:31]} 35. Ke4
{[%clk 0:01:17]} Kd6 {[%clk 0:03:35]} 36. f5 {[%clk 0:00:33]} gxf5+
{[%clk 0:03:38]} 37. Kxf5 {[%clk 0:00:37]} Kd5 {[%clk 0:02:16]} 38. f4
{[%clk 0:00:31]} c4 {[%clk 0:00:44]} 39. bxc4+ {[%clk 0:00:31]} Kxc4
{[%clk 0:00:48]} 40. Ke6 {[%clk 0:00:20]} b5 {[%clk 0:00:51]} 41. axb5
{[%clk 0:00:14]} Kxb5 {[%clk 0:00:56]} 42. f5 {[%clk 0:00:14]} a4
{[%clk 0:01:00]} 43. f6 {[%clk 0:00:13]} a3 {[%clk 0:01:04]} 44. f7
{[%clk 0:00:16]} a2 {[%clk 0:01:08]} 45. f8=Q {[%clk 0:00:18]} a1=Q
{[%clk 0:01:10]} 46. Qb8+ {[%clk 0:00:13]} Kc4 {[%clk 0:01:14]} 47. Qc7+
{[%clk 0:00:16]} Kb3 {[%clk 0:01:16]} 48. Qb6+ {[%clk 0:00:16]} 1/2-1/2